000 00278nam a22001337a 4500
020 _a0-380-79367-9
082 _a823
_bFOR/S
100 _aFORD,G M
245 _aSLOW BURN
260 _aNEW YORK
_bAVON BOOOKS
300 _a300
650 _aENGLISH NOVEL
_zNEW YORK
942 _cBK
999 _c3230
_d3230